Cassandra Lyrics (Florence + the Machine) - Statistics

General Stats
  • This quiz has been taken 73 times
  • The average score is 282 of 335
Answer Stats
Answer % Correct
a
100%
I
100%
me
100%
me?
100%
to
100%
and
96%
And
96%
in
96%
In
96%
my
96%
no
96%
out
96%
the
96%
can
93%
cannot
93%
Every
93%
it
93%
knew
93%
left
93%
of
93%
see
93%
they
93%
thought
93%
was
93%
you
93%
Cassandra
89%
cut
89%
everything
89%
Everything
89%
hear
89%
I've
89%
like
89%
on
89%
run
89%
song
89%
used
89%
but
85%
eyes
85%
future
85%
future,
85%
kitchen
85%
nothing
85%
view
85%
all
81%
done
81%
fallen
81%
has
81%
inspiration
81%
laundry
81%
middle
81%
now
81%
one
81%
road
81%
there's
81%
tongue
81%
wasn't
81%
around
78%
back
78%
been
78%
doors
78%
for
78%
gods
78%
have
78%
keep
78%
Oh
78%
oh,
78%
(Oh)
78%
(ooh)
78%
Ooh
78%
(Ooh)
78%
try
78%
Well,
78%
well,
78%
what
78%
your
78%
break
74%
bring
74%
crosses
74%
crying
74%
doing
74%
domesticated
74%
enough,
74%
fast
74%
fingers,
74%
into
74%
is
74%
scraps
74%
sing
74%
think
74%
through
74%
when
74%
could
70%
garden's
70%
Heaven
70%
if
70%
overrated
70%
pace
70%
put
70%
sent
70%
world
70%
apart
67%
bleed
67%
heart?
67%
home
67%
let
67%
Lord
67%
packing
67%
treasure
67%
deafened
63%
favorite
63%
I'm
63%
overgrown
63%
straight
63%
take
63%
about
59%
always
59%
as
59%
cathedrals
59%
closed
59%
condemned
59%
daughter
59%
flatten
59%
hands
59%
their
59%
this
59%
churches
56%
drunken
56%
know
56%
blindness
52%
bloom
52%
'Cause
52%
complaints
52%
look
52%
roses
52%
slaughter
52%
still
52%
wonder
52%
crumble
48%
empires
48%
move
48%
plainly
48%
creep
44%
with
44%
falling
37%
riot
33%
van
33%
No matching quizzes found
Score Distribution
Percent of People with Each Score
Percentile by Number Answered
Your Score History
You have not taken this quiz